Examination Master in Mental Health Nursing (Record no. 157806)

MARC details
000 -LEADER
fixed length control field 00357nam a2200133Ia 4500
008 - FIXED-LENGTH DATA ELEMENTS--GENERAL INFORMATION
fixed length control field 230411s9999 xx 000 0 und d
041 ## - LANGUAGE CODE
Language code of text/sound track or separate title eng
082 ## - DEWEY DECIMAL CLASSIFICATION NUMBER
Classification number PS/610.7365/GUP/B07715
100 ## - MAIN ENTRY--PERSONAL NAME
Personal name Gupta Ram
245 ## - TITLE STATEMENT
Title Examination Master in Mental Health Nursing
260 ## - PUBLICATION, DISTRIBUTION, ETC. (IMPRINT)
Name of publisher, distributor, etc. S Vikas and Co
Place of publication, distribution, etc. Jalandhar
Date of publication, distribution, etc. 2012
300 ## - PHYSICAL DESCRIPTION
Extent 264p
Holdings
Withdrawn status Lost status Damaged status Not for loan Collection code Home library Current library Date acquired Vendor Cost, normal purchase price Bill number Total Checkouts Total Renewals Full call number Barcode Date last seen Date last checked out Cost, replacement price Bill Date Koha item type Original Barcode
          Smt. Bakul Tambat Institute of Nursing Education Smt. Bakul Tambat Institute of Nursing Education 06/09/2014 S.K.Kothari,Pune. 325.00 6602 10 2 PS 610.7365 GUP B07715 BTIN-BK-7715 10/06/2025 09/05/2025 260.00 06/09/2014 Books B07715